000 00833nam a2200301Ia 4500
001 18146
003 IT-RoPAU
008 130308s9999 xx 000 0 und d
040 _aIT-RoPAU
040 _cIT-RoPAU
041 _aFRANCESE
100 _aMounin Georges
100 _gCodice Aut. SPICS: 3498
245 2 _aA travers l'univers des Signes
245 _bUnivers des Signes (L')
250 _a1a ed.
260 _aPARIS
260 _bMasson Et Cie
260 _c1974 [1° Ed.:1974 - Ed.Ling.Originale:1974]
300 _a"5 p. (prefazione: no ; testo: 5 [pagine: 8-12])"
500 _aAttraverso l'universo dei Segni Segno Simbolo e significazione Enigma Linguaggio Assoluto
650 _aSEGNOLOGIA
650 _eCodice materia Spics: 3001
942 _cBK
957 _71
999 _c38570
_d38570
999 _bSI
999 _g1